Matrix computer analysis of structures.
محفوظ في:
| المؤلف الرئيسي: | |
|---|---|
| التنسيق: | كتاب |
| منشور في: |
Englewood Cliffs, N.J. : Prentice Hall,
1966
|
| سلاسل: | Prentice-Hall international series in engineering of the physical sciences
|
| الموضوعات: | |
| الوسوم: |
إضافة وسم
لا توجد وسوم, كن أول من يضع وسما على هذه التسجيلة!
|
MARC
| LEADER | 00000nam a2200000Ia 4500 | ||
|---|---|---|---|
| 003 | 000698 | ||
| 005 | 20221231143955.0 | ||
| 008 | 140114s1966 n a 000 ||e d | ||
| 040 | |c cru CEDI | ||
| 082 | |a 624.171 R896m | ||
| 100 | |a Rubinstein, Moshe F |9 18920 | ||
| 245 | |a Matrix computer analysis of structures. | ||
| 260 | |a Englewood Cliffs, N.J. : Prentice Hall, |c 1966 | ||
| 300 | |a xiv, 402 páginas; ilustraciones | ||
| 440 | |a Prentice-Hall international series in engineering of the physical sciences |9 18921 | ||
| 650 | |x TEORIA DE LAS ESTRUCTURAS |x PROCESAMIENTO ELECTRONICO DE DATOS |x LENGUAJES DE PROGRAMACION (COMPUTADORAS ELECTRONICAS) |9 18922 | ||
| 942 | |2 ddc |c BK | ||
| 999 | |c 15026 |d 15026 | ||
